Sports Quiz

Random Sports or Baseball Quiz

RBI Baseball (NES Game) Rosters Quiz Stats

 Plays Quiz not verified by Sporcle

Score 0/160 Timer 15:00
0 Plays Today
Team Player % Correct
St. LouisOzzie Smith
86.5%
MinnesotaKirby Puckett
85.1%
HoustonDave Smith
84.8%
DetroitAlan Trammell
82.2%
BostonRoger Clemens
80.5%
St. LouisJack Clark
79.4%
BostonWade Boggs
79.3%
New York (Mets)Darryl Strawberry
79.2%
San FranciscoWill Clark
79.1%
New York (Mets)Gary Carter
78.8%
New York (Mets)Keith Hernandez
78.3%
HoustonNolan Ryan
78.1%
DetroitWillie Hernandez
76.9%
New York (Mets)Dwight Gooden
76.3%
MinnesotaKent Hrbek
75.5%
CaliforniaReggie Jackson
75.4%
DetroitLou Whitaker
74.5%
BostonJim Rice
72.8%
HoustonGlenn Davis
72.2%
St. LouisVince Coleman
72.2%
San FranciscoChili Davis
72%
NL All-StarEric Davis
71.9%
New York (Mets)Mookie Wilson
71.6%
New York (Mets)Howard Johnson
71.2%
BostonDwight Evans
70.8%
DetroitDarrell Evans
70.6%
AL All-StarMark McGwire
70.4%
AL All-StarJose Canseco
70%
DetroitJack Morris
69.9%
New York (Mets)Lenny Dykstra
68.6%
St. LouisJohn Morris
68.5%
San FranciscoKevin Mitchell
68.4%
HoustonMike Scott
67.5%
AL All-StarCal Ripken, Jr.
67%
St. LouisWillie McGee
66.6%
BostonDave Henderson
66.1%
NL All-StarAndre Dawson
65.8%
MinnesotaGary Gaetti
65.1%
NL All-StarRyne Sandberg
65%
BostonBill Buckner
64.8%
AL All-StarDon Mattingly
64.1%
DetroitKirk Gibson
63.1%
MinnesotaFrank Viola
62.4%
CaliforniaWally Joyner
60.3%
St. LouisTom Herr
60.1%
MinnesotaDan Gladden
59.1%
AL All-StarGeorge Brett
59%
New York (Mets)Ray Knight
58.8%
NL All-StarMike Schmidt
58.1%
DetroitMatt Nokes
56.9%
AL All-StarGeorge Bell
56.5%
NL All-StarTim Raines
54.6%
NL All-StarTony Gwynn
54%
St. LouisTerry Pendleton
53.5%
Team Player % Correct
BostonMarty Barrett
53.3%
DetroitChet Lemon
52.8%
MinnesotaGreg Gagne
52.7%
MinnesotaTom Brunansky
51.4%
BostonTony Armas
51%
St. LouisJohn Tudor
50.9%
CaliforniaRuppert Jones
50.9%
San FranciscoRobby Thompson
50.9%
AL All-StarPaul Molitor
50.2%
AL All-StarBret Saberhagen
49.9%
NL All-StarBenito Santiago
49.9%
NL All-StarDale Murphy
49.6%
MinnesotaBert Blyleven
49.2%
BostonRich Gedman
49%
BostonSpike Owen
48.6%
New York (Mets)Wally Backman
48.3%
BostonBruce Hurst
47.7%
AL All-StarWillie Randolph
47.1%
BostonDon Baylor
46.7%
New York (Mets)Jesse Orosco
46.6%
CaliforniaGary Pettis
46.5%
BostonBob Stanley
46.4%
San FranciscoJose Uribe
46.3%
AL All-StarJulio Franco
45.9%
NL All-StarJohn Franco
45.9%
New York (Mets)Bob Ojeda
45.7%
HoustonJose Cruz
45.6%
New York (Mets)Rafael Santana
45.2%
St. LouisTony Pena
45.2%
MinnesotaGene Larkin
44.3%
CaliforniaDonnie Moore
44%
HoustonKevin Bass
44%
BostonTim 'Ellis' Burks
43.3%
CaliforniaBrian Downing
43.2%
New York (Mets)Tim Teufel
42.8%
CaliforniaBobby Grich
42.3%
CaliforniaBob Boone
41.9%
NL All-StarFernando Valenzuela
41.9%
New York (Mets)Roger McDowell
41.8%
CaliforniaMike Witt
41.6%
BostonCalvin Schiraldi
41.4%
CaliforniaDoug DeCinces
41.1%
NL All-StarJohn Kruk
40.9%
AL All-StarJimmy Key
40.5%
DetroitDoyle Alexander
40.3%
San FranciscoJeffrey Leonard
39.2%
NL All-StarPedro Guerrero
39.2%
San FranciscoRick Reuschel
38.5%
HoustonBilly Hatcher
38%
MinnesotaJeff Reardon
37.7%
HoustonBill Doran
37.2%
St. LouisTodd Worrell
36.9%
MinnesotaTim Laudner
36.6%
AL All-StarHarold Baines
35.4%
Team Player % Correct
NL All-StarAl Pedrique (yes, really)
35.3%
HoustonCraig Reynolds
35%
CaliforniaDon Sutton
35%
DetroitTom Brookens
34.8%
MinnesotaSteve Lombardozzi
34.5%
San FranciscoCandy Maldonado
34.2%
AL All-StarTom Henke
34.1%
CaliforniaDick Schofield
34.1%
San FranciscoBob Brenly
34%
HoustonAlan Ashby
33.9%
St. LouisDanny Cox
32.8%
HoustonDickie Thon
32.5%
NL All-StarSteve Bedrosian
31.8%
DetroitLarry Herndon
31.3%
San FranciscoMike Krukow
31.2%
NL All-StarAndres Galarraga
31.2%
NL All-StarRick Sutcliffe
30.5%
St. LouisJose Oquendo
30.2%
AL All-StarKevin Seitzer
30%
St. LouisCurt Ford
29.7%
AL All-StarDave Righetti
29.3%
HoustonDenny Walling
29.3%
DetroitEric King
28.8%
San FranciscoDon Robinson
28.5%
HoustonCharlie Kerfeld
28.2%
HoustonDavey Lopes
28%
HoustonTerry Puhl
27.6%
New York (Mets)Danny Heep
26.8%
DetroitBill Madlock
26.8%
San FranciscoScott Garrelts
26.1%
St. LouisSteve Lake
25.9%
New York (Mets)Lee Mazzilli
25.7%
AL All-StarBill Schroeder
25.4%
St. LouisKen Dayley
25.4%
MinnesotaRandy Bush
24.8%
HoustonPhil Garner
24.3%
MinnesotaJuan Berenguer
24.2%
MinnesotaRoy Smalley
24.1%
St. LouisJim Lindeman
23.9%
BostonMarc Sullivan
23%
DetroitPat Sheridan
23%
DetroitMike Heath
22.4%
DetroitDave Bergman
21.9%
San FranciscoMike Aldrete
21.4%
CaliforniaGeorge Hendrick
21.4%
CaliforniaRob Wilfong
20.8%
CaliforniaDoug Corbett
20%
San FranciscoJoel Youngblood
19.6%
San FranciscoChris Speier
19.2%
San FranciscoHarry Spilman
18.9%
CaliforniaRick Burleson
16.1%
MinnesotaMark Davidson
15.8%

You're not logged in!

Compare scores with friends on all Sporcle quizzes.
OR
Log In

You Might Also Like...

Show Comments

Extras

Top Quizzes Today


Score Distribution

Your Account Isn't Verified!

In order to create a playlist on Sporcle, you need to verify the email address you used during registration. Go to your Sporcle Settings to finish the process.

Report this User

Report this user for behavior that violates our Community Guidelines.

Details: